Introduction to heat transfer
Salvato in:
| Autori principali: | , |
|---|---|
| Natura: | Libro |
| Lingua: | inglese |
| Pubblicazione: |
Nueva York
John Wiley
1990
|
| Edizione: | 2a. ed |
| Soggetti: | |
| Tags: |
Aggiungi Tag
Nessun Tag, puoi essere il primo ad aggiungerne!!
|
MARC
| LEADER | 00000nam a2200000 a 4500 | ||
|---|---|---|---|
| 001 | UCV3815 | ||
| 003 | CL-VaPUC | ||
| 008 | 921204e19900000US |||||||||||||||||eng|d | ||
| 082 | 0 | 4 | |a 621.402 |b INC |2 21 |
| 100 | |a Incropera, Frank P |e author |9 566631 | ||
| 700 | 0 | |a De Witt, David P |e author |9 298188 | |
| 245 | 1 | 0 | |a Introduction to heat transfer |
| 250 | |a 2a. ed | ||
| 300 | |a 870 p | ||
| 942 | |c BK | ||
| 945 | |d 19921204 00:00:00 | ||
| 260 | |a Nueva York |b John Wiley |c 1990 | ||
| 650 | 0 | |a Transmisión de calor |9 259410 | |
| 650 | 0 | |a Radiación |9 259874 | |
| 650 | 0 | |a Convección del calor |9 259875 | |
| 650 | 0 | |a Conducción del calor |9 259876 | |
| 583 | |a last modification |c 19921204 00:00:00 |k Rodrigo Vera | ||
| 999 | |c 210939 |d 210937 | ||
| 952 | |0 0 |1 0 |4 0 |6 621_402000000000000_INC_1990 |7 0 |8 A |9 188029 |a BIBALI |b BIBALI |c GEN |d 2019-11-14 |i 2555069 |o 621.402 INC 1990 |p 2555069 |r 2025-01-20 |w 2019-11-14 |y BK |k ALI | ||
| 952 | |0 0 |1 0 |4 0 |6 621_402000000000000_INC_1990 |7 0 |8 A |9 188030 |a BIBCUR |b BIBCUR |d 2019-11-14 |i 3181081 |o 621.402 INC 1990 |p 3181081 |r 2025-04-22 |w 2019-11-14 |y BK |k BCB | ||